| 000 | 00347nam a2200133Ia 4500 | ||
|---|---|---|---|
| 008 | 191201s2005 xx 000 0 und d | ||
| 082 |
_a004.22 _bFRO |
||
| 100 | _aFRANZ, J.H | ||
| 245 | 0 | _aOptical Communications Component Systems | |
| 260 |
_aN.Delhi _bNarosa Publication House _c2005 |
||
| 300 | _a717 | ||
| 650 | _aM.Tech (ECE) | ||
| 942 |
_2ddc _cBK |
||
| 999 |
_c5032 _d5032 |
||